01372nabaa22001937a 4500999001500000003000400015005001700019008004100036040000700077100003300084245013600117300001300253505062100266505008900887650003200976650003001008773012701038942001301165 c6146d6146OSt20260122235009.0190701b xxu||||| |||| 00| 0 spa d cPJ 96900aGerosa, Alejo Martín13aLos efectos temporales de la anulación del acto administrativo favorable ante la buena fe del ciudadano /cAlejo Martín Gerosa. ap. 57-72 aSumario: I. Introducción.— II. Aplicación analógica del derecho civil al derecho administrativo en materia de nulidades.— III. El régimen de la nulidad absoluta civil.— IV. Consideraciones de la doctrina nacional.— V. Jurisprudencia relevante y doctrina de la PTN.— VI. La importancia de la confianza que el ciudadano depositó en la Administración.— VII. La paradoja del transcurso del tiempo como agravante de la posición de la Administración y como elemento favorable al ciudadano.— VIII. Distinción entre la declaración de invalidez y sus efectos temporales.— IX. Conclusiones. t¿Te interesa el texto completo? Comunicate al correo: koha@justierradelfuego.gov.ar 09211aDERECHO ADMINISTRATIVO 091171aACTO ADMINISTRATIVO0 0284293251dBuenos Aires : AbeledoPerrot, 2012-oDA121tDerecho administrativo. Nº 150 noviembre/diciembre 2023z18510590 2udccANA